Speaking for IELTS (Collins English for exams)

שמור ב:
מידע ביבליוגרפי
מחבר ראשי: Kovacs, Karen
פורמט: ספר
שפה:Undetermined
יצא לאור: Thành phố Hồ Chí Minh Tổng hợp Thành phố Hồ Chí Minh 2012
נושאים:
תגים: הוספת תג
אין תגיות, היה/י הראשונ/ה לתייג את הרשומה!
Thư viện lưu trữ: Trung tâm Học liệu Trường Đại học Cần Thơ
LEADER 00654nam a2200205Ia 4500
001 CTU_200265
008 210402s9999 xx 000 0 und d
082 |a 428.0076 
082 |b K75/CD.2 
100 |a Kovacs, Karen 
245 0 |a Speaking for IELTS 
245 0 |b (Collins English for exams) 
245 0 |c Karen Kovacs 
260 |a Thành phố Hồ Chí Minh 
260 |b Tổng hợp Thành phố Hồ Chí Minh 
260 |c 2012 
650 |a English language,Tiếng Anh 
650 |x Examinations, questions, etc,Kỳ thi, câu hỏi, vv 
904 |i Nguyên 
980 |a Trung tâm Học liệu Trường Đại học Cần Thơ